Psychology General Knowledge - Statistics

General Stats
  • This quiz has been taken 4,530 times
  • The average score is 5 of 15
Answer Stats
Hint Answer % Correct
Who proposed the Psychodynamic view? Sigmund Freud
85%
Our Ego, Superego and 'what' make our conscious and unconscious minds? Id
75%
What part of the memory has potentially unlimited capacity and duration? Long Term Memory
54%
Harlow's Monkey Study was done to investigate 'what' in infants? Attachment
47%
Who did a very unethical study on obedience? Stanley Milgram
45%
What steroid hormone is released when someone is suffering from long term stress? Cortisol
39%
Who created the 'Strange Situation'? Mary Ainsworth
31%
B.F.Skinner believed that Human behaviour was a direct result of 'what'? Conditioning
24%
What part of the brain detects danger? Hypothalamus
24%
In the 'Working Memory Model' the two slave systems were allocated information by 'what'? The Central Executive
22%
If the results of a study don't show a cause or effect then the data is...? Correlational
18%
What British psychologist proposed an Evolution basis of Attachment? John Bowlby
17%
Psychosurgery is a treatment of what approach to abnormality? Biological Approach
16%
From where is the hormone mentioned above released? Adrenal Cortex
8%
The two main drugs used in Chemotherapy are Beta-Blockers and what? Benzodiazepines
2%
No matching quizzes found
Score Distribution
Percent of People with Each Score
Percentile by Number Answered
Your Score History
You have not taken this quiz